|
|
|
|
| LEADER |
00000nam0a2200000 4500 |
| 001 |
270278 |
| 005 |
20231101234331.0 |
| 035 |
|
|
|a (RuTPU)RU\TPU\book\293459
|
| 090 |
|
|
|a 270278
|
| 100 |
|
|
|a 20140925d1987 k y0rusy50 ca
|
| 101 |
0 |
|
|a rus
|
| 102 |
|
|
|a RU
|
| 105 |
|
|
|a y z 101zy
|
| 200 |
1 |
|
|a Третья Всесоюзная конференция по новым методам спектрального анализа, г. Запорожье, 26-28 мая 1987 г.
|e тезисы докладов
|f Академия наук СССР (АН СССР)
|
| 210 |
|
|
|a Москва
|c Наука
|d 1987
|
| 215 |
|
|
|a 144 с.
|
| 320 |
|
|
|a Авторский указатель: с. 139-144
|
| 606 |
1 |
|
|a Спектральный анализ
|2 stltpush
|3 (RuTPU)RU\TPU\subj\67783
|9 83449
|
| 610 |
1 |
|
|a плазмотроны
|
| 610 |
1 |
|
|a использование
|
| 610 |
1 |
|
|a атомно-абсорбционный анализ
|
| 610 |
1 |
|
|a лазеры
|
| 610 |
1 |
|
|a применение
|
| 610 |
1 |
|
|a спектрометрия
|
| 610 |
1 |
|
|a конференции
|
| 675 |
|
|
|a 543.42(063)
|v 4
|
| 712 |
0 |
2 |
|a Академия наук СССР (АН СССР)
|c (1925-1991)
|2 stltpush
|3 (RuTPU)RU\TPU\col\722
|
| 712 |
1 |
2 |
|a Всесоюзная конференция по новым методам спектрального анализа
|d 3
|e Запорожье
|f 1987
|4 570
|
| 801 |
|
1 |
|a RU
|b 63413507
|c 20140925
|
| 801 |
|
2 |
|a RU
|b 63413507
|c 20170303
|g RCR
|
| 942 |
|
|
|c BK
|